[Event "FRA-chT2 Nord (Women)"]
[Site "France"]
[Date "2005.02.??"]
[Round "1"]
[White "Caron, Marianne"]
[Black "Dourerassou, Cynthia"]
[Result "0-1"]
[WhiteElo "1250"]
[BlackElo "1590"]
[PlyCount "62"]
[EventDate "2005.03.01"]
[EventType "team"]
[EventRounds "3"]
[EventCountry "FRA"]
[SourceTitle "EXT 2007"]
[Source "ChessBase"]
[SourceDate "2006.11.23"]
[SourceVersion "1"]
[SourceVersionDate "2006.11.23"]
[SourceQuality "1"]

1. e4 e5 2. Nf3 Nc6 3. b3 Nf6 4. Nc3 d6 5. Bc4 Bg4 6. 0-0 Nd4 7. Be2 Nxe2+ 8. Qxe2 c6 9. h3 Bh5 10. d3 Be7 11. a4 0-0 12. Qe3 Nd7 13. g3 f5 14. exf5 d5 15. Qe2 Qe8 16. g4 Bf7 17. Nxe5 Nxe5 18. Qxe5 Qd7 19. Ba3 Bf6 20. Qe1 Rfe8 21. Qd2 h5 22. g5 Be5 23. g6 Bxg6 24. fxg6 Qxh3 25. f4 Bd4+ 26. Rf2 Re6 27. f5 Qxf5 28. Re1 Rxg6+ 29. Kf1 Qh3+ 30. Ke2 Bxf2 31. Kxf2 Rg2+ 0-1